Normal view
MARC view
- Chekhov, Anton Pavlovich,
Entry Personal Name
001 - CONTROL NUMBER
- control field: 11847
003 - CONTROL NUMBER IDENTIFIER
- control field: NUST
005 - DATE AND TIME OF LATEST TRANSACTION
- control field: 20180719085927.0
008 - FIXED-LENGTH DATA ELEMENTS
- fixed length control field: 180719|| aca||aabn | a|a d
040 ## - CATALOGING SOURCE
- Original cataloging agency: NUST
- Transcribing agency: NUST
100 ## - HEADING--PERSONAL NAME
- Personal name: Chekhov, Anton Pavlovich,
- Dates associated with a name: 1996
- Form subdivision: Correspondence.
670 ## - SOURCE DATA FOUND
- Source citation: Work cat.: (NUST)173354: Chekhov, Anton , 1996, author. 11845, Anton Chekhov's selected stories :
